000 00385nam a22001697a 4500
003 MPLRDC
005 20220104145441.0
008 210129b ||||| |||| 00| 0 eng d
082 _a617 LLZ
100 _a罗龙治
245 _a狂飙英雄的悲剧
_c
250 _a初版
260 _a
_b时报
_c1985
300 _b
650 _a中国史地杂论
942 _cBK
_o617 LLZ
999 _c51321
_d51311